Statistics for 20 Most Expensive Liverpool Signings

Click here to take the quiz!

General Stats

  • This quiz has been taken 98 times
  • The average score is 10 of 20

Answer Stats

Hint Answer % Correct
£22.8 MillionLuis Suarez
86%
£35 MillionAndy Carroll
86%
£20.2 MillionFernando Torres
80%
£34 MillionSadio Mane
80%
£29 MillionRoberto Firmino
76%
£25 MillionAdam Lallana
76%
£16 MillionJordan Henderson
74%
£20 MillionDejan Lovren
68%
£32.5 MillionChristian Benteke
57%
£25 MillionGeorgino Wijnaldum
45%
£18.5 MillionStewart Downing
43%
£19.8 MillionLazar Markovic
43%
£18.6 MillionJavier Mascherano
39%
£15 MillionMamadou Sakho
38%
£17.5 MillionGlen Johnson
31%
£16 MillionMario Balotelli
30%
£17.1 MillionAlberto Aquilani
25%
£15 MillionJoe Allen
25%
£19 MillionRobbie Keane
21%
£14.5 MillionDjibril Cisse
20%

Score Distribution

Percentile by Number Answered

Percent of People with Each Score

Your Score History

You have not taken this quiz